Jeżycjada Małgorzaty Musierowicz - pary małżeńskie. - Statystyki

Ogólne statystyki
  • Ten quiz został rozwiązany 32 razy
  • Średni wynik to 12 z 18
Statystyki odpowiedzi
Żona Mąż % Poprawnych
Gabriela Borejko Janusz Pyziak
94%
Gabriela Borejko Grzegorz Stryba
89%
Natalia Borejko Robert Rojek
89%
Ida Borejko Marek Pałys
83%
Róża Pyziak Fryderyk Schoppe
78%
Aniela Kowalik Bernard Żeromski
72%
Elżbieta Stryba Tomasz Kowalik
72%
Patrycja Borejko Florian Górski
67%
Celestyna Żak Jerzy Hajduk
67%
Dorota Rumianek Józef Pałys
67%
Beata Bitner Damazy Kordiałek
61%
Melania Kalemba Ignacy Borejko
61%
Aurelia Jedwabińska Konrad Bitner
61%
Agnieszka Żyra Ignacy Grzegorz Stryba
56%
Janina Krechowicz Maciej Ogorzałka
56%
Laura Pyziak Adam Fidelis
44%
Nora Górska August Piechota
22%
Arabella Rojek Cezary Majchrzak
22%
Nie znaleziono quizów pasujących do podanych kryteriów
Rozkład punktacji
Procent ludzi z każdym wynikiem
Percentyl według liczby udzielonych odpowiedzi
Twoja historia wyników
Nie rozwiązałeś tego quizu